000 00998nam0a2200301 4500
001 RU\NLR\bibl\1697939
005 20260405230209.0
010 _a978-5-91636-044-8
_93000
021 _aRU
_b2010-75933
_95054
035 _a(NLR Aleph) 001689027
090 _a1148964
_c1148964
100 _a20101111d2010 |||y0rusy50 ca
101 1 _arus
_cund
102 _aRU
105 _aa |||||||||
200 1 _aТонкая линия. Школьный бог
_e[перевод]
_fРуми Роуз
_g[графика: Laer]
210 _aМосква
_cПалма Пресс
_d2010
215 _a185, [6] с.
_cил.
_d21
517 0 _aШкольный Бог
686 _aШ9(2)62=Р7-4
700 1 _4070
_7ca
_8rus
_aРоуз
_bР.
_f1983-
_gРуми
_987141
_3RU\NLR\auth\77104216
702 0 _4040
_7ba
_8eng
_aLaer
_cхудожник
_965468
_3RU\NLR\AUTH\7782540
801 0 _aRU
_bNLR
_c20101111
_gRCR
801 1 _aRU
_bNLR
_c20101111
942 _cBOOK
980 _aNB